<?xml version="1.0" encoding="UTF-8"?>
<record
    xmlns:xsi="http://www.w3.org/2001/XMLSchema-instance"
    xsi:schemaLocation="http://www.loc.gov/MARC21/slim http://www.loc.gov/standards/marcxml/schema/MARC21slim.xsd"
    xmlns="http://www.loc.gov/MARC21/slim">

  <leader>00354    a2200121   4500</leader>
  <datafield tag="082" ind1=" " ind2=" ">
    <subfield code="a">864.972.84</subfield>
    <subfield code="b">H888p</subfield>
  </datafield>
  <datafield tag="100" ind1=" " ind2=" ">
    <subfield code="a">Mixco Huezo, Miguel</subfield>
    <subfield code="9">1033</subfield>
  </datafield>
  <datafield tag="245" ind1=" " ind2=" ">
    <subfield code="a">La perversion de la cultura</subfield>
  </datafield>
  <datafield tag="260" ind1=" " ind2=" ">
    <subfield code="a">El Salvador</subfield>
    <subfield code="b">Editorial Arcoiris</subfield>
    <subfield code="c">1999</subfield>
  </datafield>
  <datafield tag="300" ind1=" " ind2=" ">
    <subfield code="a">154 p</subfield>
    <subfield code="b">ill</subfield>
    <subfield code="c">21 cm</subfield>
  </datafield>
  <datafield tag="650" ind1=" " ind2=" ">
    <subfield code="a">literatura</subfield>
    <subfield code="x">ensayo</subfield>
    <subfield code="z">El Salvador</subfield>
    <subfield code="9">1034</subfield>
  </datafield>
  <datafield tag="700" ind1=" " ind2=" ">
    <subfield code="a">Miguel Huezo Mixco</subfield>
    <subfield code="9">1035</subfield>
  </datafield>
  <datafield tag="999" ind1=" " ind2=" ">
    <subfield code="c">223</subfield>
    <subfield code="d">223</subfield>
  </datafield>
  <datafield tag="952" ind1=" " ind2=" ">
    <subfield code="0">0</subfield>
    <subfield code="1">0</subfield>
    <subfield code="2">ddc</subfield>
    <subfield code="4">0</subfield>
    <subfield code="7">0</subfield>
    <subfield code="a">LV</subfield>
    <subfield code="b">LV</subfield>
    <subfield code="c">Pensamiento</subfield>
    <subfield code="d">2014-06-13</subfield>
    <subfield code="l">0</subfield>
    <subfield code="o">864.972.84 H888p</subfield>
    <subfield code="p">000258</subfield>
    <subfield code="r">2014-06-13 00:00:00</subfield>
    <subfield code="w">2014-06-13</subfield>
    <subfield code="y">01</subfield>
  </datafield>
</record>
